000 00863cam a22002891 4500
001 7266
003 BD-RjUL
005 20211208234405.0
008 130114s1966 enk 000 0 eng
035 _a(BD-RjUL)7309
035 _a(OCoLC)2303243
040 _aDLC
_cOAkU
_dUk
_dDLC
_dBD-RjUL
_beng
041 _aeng
082 0 0 _a539.721
_220
_bROG 1966
100 1 _aRowlatt, Penelope A.
_q(Penelope Anne)
_922701
245 1 0 _aGroup theory and elementary particles /
_cPenelope A. Rowlatt.
260 _aLondon :
_bLongmans,
_cc1966.
300 _ax, 97 p. :
_billus. ;
_c22 cm.
490 0 _aMathematical physics series,
_v6
504 _aBibliography: p. 96.
650 0 _aParticles (Nuclear physics)
_920725
650 0 _aSymmetry (Physics)
_922702
650 0 _aLie algebras.
_922703
942 _2ddc
_cBK
999 _c7266
_d7266